|
|
|
|
| LEADER |
02201nam a22005412a 4500 |
| 001 |
000307762 |
| 003 |
CZ BrMZK |
| 005 |
20071005131350.0 |
| 007 |
ta |
| 008 |
980105s1984 xr a f cze d |
| 015 |
|
|
|a cnb000025733
|
| 020 |
|
|
|q (Váz.) :
|c 120 Kčs
|
| 035 |
|
|
|a (OCoLC)20174408
|
| 040 |
|
|
|a ABA001
|b cze
|d ABA001
|
| 080 |
9 |
|
|a 744Muzika,F.
|
| 080 |
9 |
|
|a 792.021Muzika,F.
|
| 080 |
9 |
|
|a 655.53Muzika,F.
|
| 100 |
1 |
|
|a Šmejkal, František,
|d 1937-1988
|7 jk01130521
|4 aut
|
| 245 |
1 |
0 |
|a František Muzika :
|b kresby, scénická a knižní tvorba /
|c František Šmejkal ; předlohy k reprodukcím František Krejčí ... [aj.]
|
| 250 |
|
|
|a 1. vyd.
|
| 260 |
|
|
|a Praha :
|b Odeon,
|c 1984
|
| 300 |
|
|
|a 270 s. :
|b fot., reprodukce (převážně barev.) ;
|c 31 cm
|
| 490 |
1 |
|
|a České dějiny ;
|v sv. 61
|
| 500 |
|
|
|a Bibliogr. přehled Muzikových knižních prací Polana Zoubková
|
| 500 |
|
|
|a Jmenný rejstřík sest. Josef Hobzek
|
| 500 |
|
|
|a Obálka a vazba Milan Hegar
|
| 500 |
|
|
|a Souhrn přel. do ruš. Valentina Boturová, do franc. Václav Jamek, do něm. Dagmar Bílková
|
| 504 |
|
|
|a Obsahuje bibliografii a poznámky
|
| 500 |
|
|
|a Soupis divadelních výprav
|
| 500 |
|
|
|a Životopisná data
|
| 500 |
|
|
|a Frontispis
|
| 500 |
|
|
|a 5000 výt.
|
| 600 |
1 |
7 |
|a Muzika, František,
|d 1900-1974
|7 jk01082556
|2 czenas
|
| 655 |
|
7 |
|a obrazové publikace
|7 fd132947
|2 czenas
|
| 700 |
1 |
|
|a Muzika, František,
|d 1900-1974
|7 jk01082556
|4 aut
|4 ill
|
| 700 |
1 |
|
|a Boturová, Valentina
|7 jk01012761
|4 trl
|
| 700 |
1 |
|
|a Bílková, Dagmar
|7 jk01012083
|4 trl
|
| 700 |
1 |
|
|a Hobzek, Josef,
|d 1908-1989
|7 jk01041429
|4 aut
|
| 700 |
1 |
|
|a Jamek, Václav,
|d 1949-
|7 jk01050721
|4 trl
|
| 700 |
1 |
|
|a Zoubková, Polana
|4 com
|
| 830 |
|
0 |
|a České dějiny (Odeon)
|0 s
|
| 856 |
4 |
1 |
|u http://www.digitalniknihovna.cz/mzk/uuid/uuid:5c56d720-b989-11e3-b833-005056827e52
|y Digitalizovaný dokument
|x NDK
|
| 910 |
|
|
|a BOA001
|b 4-0889.814
|
| 990 |
|
|
|a BK
|
| 995 |
|
|
|a 01
|
| 991 |
|
|
|b 200710
|
| 996 |
6 |
|
|b 2619832040
|c 4-0889.814
|l MZK
|r Sklad / do 1 hodiny
|n 11
|w 000307762
|u 000020
|a 1
|e BOA001
|j MZK50
|s P
|
| 996 |
6 |
|
|b 2619852995
|c 4-0889.814
|l MZK
|r Sklad / do 1 hodiny
|n 10
|w 000307762
|u 000010
|a 1
|e BOA001
|j MZK50
|s P
|